5HLuxD.jpg

KING HENRY VIII SENIOR AND PRIMARY SCHOOL LIBRARY OPAC

Christmas stories / (Record no. 1623)

000 -LEADER
fixed length control field 01312cam a2200289 a 4500
001 - CONTROL NUMBER
control field 000853887
003 - CONTROL NUMBER IDENTIFIER
control field OSt
005 - DATE AND TIME OF LATEST TRANSACTION
control field 20230116112032.0
008 - FIXED-LENGTH DATA ELEMENTS--GENERAL INFORMATION
fixed length control field 181127s2015 enka j b 000 f eng d
020 ## - INTERNATIONAL STANDARD BOOK NUMBER
International Standard Book Number 9781405269117
Qualifying information (paperback) :
040 ## - CATALOGING SOURCE
Original cataloging agency NLE
Language of cataloging eng
Transcribing agency NTL
Modifying agency NTL
-- KH8
Description conventions aacr2
042 ## - AUTHENTICATION CODE
Authentication code nbic
082 0# - DEWEY DECIMAL CLASSIFICATION NUMBER
Classification number 823.914 MOR
100 1# - MAIN ENTRY--PERSONAL NAME
Personal name Morpurgo, Michael
Relator term author.
240 10 - UNIFORM TITLE
Uniform title Novels.
Form subheading Selections.
245 10 - TITLE STATEMENT
Title Christmas stories /
Statement of responsibility, etc. Michael Morpurgo ; illustrated by Quentin Blake, Emma Chichester Clark, Michael Foreman, Sophie Allsopp and Helen Stephens.
260 ## - PUBLICATION, DISTRIBUTION, ETC.
Place of publication, distribution, etc. London :
Name of publisher, distributor, etc. Egmont Limited,
Date of publication, distribution, etc. c2015.
300 ## - PHYSICAL DESCRIPTION
Extent 237 p. :
Other physical details ill. (colour) ;
Dimensions 22 cm.
505 0# - FORMATTED CONTENTS NOTE
Formatted contents note The best Christmas present in the world. Originally published: 2004 -- On angel wings. Originally published: 2006 -- The best of times. Originally published: 2009 -- The goose is getting fat. Originally published: 2012 -- Mimi and the mountain dragon. Originally published: 2014.
520 ## - SUMMARY, ETC.
Summary, etc. This book is a collection of Christmas stories written by Michael Morpurgo.
650 #0 - SUBJECT ADDED ENTRY--TOPICAL TERM
Topical term or geographic name entry element Christmas stories, English.
650 #0 - SUBJECT ADDED ENTRY--TOPICAL TERM
Topical term or geographic name entry element Children's stories, English.
700 1# - ADDED ENTRY--PERSONAL NAME
Personal name Blake, Quentin,
Relator term illustrator.
700 1# - ADDED ENTRY--PERSONAL NAME
Personal name Chichester Clark, Emma,
Relator term illustrator.
700 1# - ADDED ENTRY--PERSONAL NAME
Personal name Foreman, Michael
Dates associated with a name 1938-
Relator term illustrator.
942 ## - ADDED ENTRY ELEMENTS (KOHA)
Source of classification or shelving scheme
Koha item type Books - Non Ficton
Holdings
Withdrawn status Lost status Source of classification or shelving scheme Damaged status Not for loan Collection code Permanent Location Current Location Shelving location Date acquired Total Checkouts Full call number Barcode Date last seen Date last checked out Price effective from Koha item type
          Non-Fiction KH8 Primary School Library KH8 Primary School Library Non Fiction 2023-01-16 10 823.914 MOR KHPL000003382 2025-12-05 2025-05-14 2023-01-16 Books - Non Ficton
          Non-Fiction KH8 Primary School Library KH8 Primary School Library Non Fiction 2023-01-16 3 823.914 MOR KHPL000004032 2025-12-05 2025-01-09 2023-01-16 Books - Non Ficton

Powered By KH8 IT Dept